1708 1666 1751 1404 1690 1983 1346 1050 1820 1293 1949 1951 1411 1631 1444 1747 1840 1492 1083 1293 1853 1775 1930 1259 1049 1341 1301 1290 1342 1786 1940 1938 1945 1369 1326 1801 1939 1378 1401 1619 1189 1448 1251 1202 1659 1380 1520 1377 1749 1492 1408 1254 1868 1215 1268 1720 1794 1948 1907 1639 1137 1163 1338 1120 1287 1162 1906 1041 1047 1042 1090 1774 1931 1929 1871 1402 1587 1665 1107 1011 1398 1089 1590 1077 1388 1955 1882 1362 1449 1650 1860 1328 1618 1371 1778 1118 1557 1480 1339 BCNSPRNW ULIB Ver.6.0+V

เปลี่ยนเป็นภาษาไทย

Change to English
 แสดงรายละเอียดบรรณานุกรม
  กลับหน้าหลัก

Brief Record : Get Marc (ISO 2709) : E-mail record : QR code < ปิดหน้าต่าง
LEADER : 00000nam 2200000uu 4500
001    13399126726
003     ULIB
008    020711s2018 th a 000 0 eng d
020    ^a9781259860751
060    ^aWS205^bT289S
100    ^aTenenbein, Milton,Macias, Charles G,Sharieff, Ghazala Q,Yamamoto, Loren,Schafermeyer, Robert
245    ^aStrange and Schafermeyer s pediatric emergency medicine
250    ^a5th ed
260    ^aNew York :^bMcGraw-Hill,^c2018
300    ^a946 pages;^b30 cm
650    ^aEmergencies
650    ^aChild
650    ^aInfant
945    ^p7871^l0^i005387
999    ^aประนอม เกษจรัล
รายการนี้ยังไม่มีแท็ก
คุณยังไม่ได้ล็อกอิน คุณสามารถมีกิจกรรมร่วมกับเว็บไซต์ได้ แต่ต้องล็อกอินก่อน ::
  ล็อกอิน

รายการสื่อสารสนเทศ

ลำดับที่ ประเภท เลขเรียก/บาร์โค้ด สถานที่ สถานะ
1. วิทยาศาสตร์การแพทย์ และสุขภาพ
หนังสือสำรอง
สถานะ=หนังสือสำรอง
WS205 T289S ฉ.1 
  Barcode: 005387
ห้องสมุดวิทยาเขตสวรรค์ประชารักษ์
►หนังสือทั่วไป
บนชั้น

รายการใกล้เคียง
    หัวเรื่อง [Emergencies]
    หัวเรื่อง [Child]
    หัวเรื่อง [Infant]

BibComment


ยังไม่เคยถูกคอมเมนท์

คอมเมนท์ทรัพยากรรายการนี้
  คอมเมนท์: Strange and Scha..


 Copyright 2026. Bcnsprnw @Library